000 00338nam a2200145Ia 4500
008 150301s2013 xx 000 0 und d
082 _a616.15
_bE13M
100 _aMEHDI, S.R.
245 _aESSENTIALS OF BLOOD BANKING
250 _a2ND
260 _bJAYPEE
_aDELHI
_c2013
300 _a112
650 _aBLOOD BANK
942 _2ddc
_cBK
_011
999 _c6556
_d6556